Score 0/16 Timer 01:30
0 Plays Today
Hint Word % Correct
1,760 yardsMILE
96%
Goodyear productTIRE
94.5%
Long electrical conductorWIRE
93.1%
It may be roséWINE
93%
Perform silentlyMIME
91.6%
A Brief History of ____• TIME •
90.7%
Stitch's cartoon friendLILO
90.1%
Document for heirs• WILL •
87.9%
Hint Word % Correct
This Is Us actor VentimigliaMILO
87.2%
Underground water sourceWELL
85.8%
Wrap around a spoolWIND
85%
Out of controlWILD
84.9%
Type of padLILY
72.5%
Poker giveaway• TELL •
71.9%
Like a mechanic's ragOILY
70.4%
Nothing more than• ONLY •
64%

Today's Daily Dose

Get the Picture
Which JB?

Remove Ads.
Support Sporcle.
Get the best of Sporcle when you Go Orange. This ad-free experience offers more features, more stats, and more fun while also helping to support Sporcle. Thank you for becoming a member.

You're not logged in!

Compare scores with friends on all Sporcle quizzes.
OR
Log In

Show Comments

Extras

Top Quizzes Today


Score Distribution

Your Account Isn't Verified!

In order to create a playlist on Sporcle, you need to verify the email address you used during registration. Go to your Sporcle Settings to finish the process.

Report this User

Report this user for behavior that violates our Community Guidelines.

Details: